Gençler! Merhamet Edin ki Merhamet Olunasınız! (Kayıt no. 1266735)

MARC ayrıntıları
000 -LEADER
sabit uzunluktaki kontrol alanı 00311nam a2200109Ia 4500
001 - KONTROL NUMARASI
kontrol alanı 1266735
005 - EN SON İŞLEMİN TARİH VE ZAMANI
kontrol alanı 20260417145120.0
008 - SABİT-UZUNLUKTA VERİ ÖĞELERİ--GENEL BİLGİ
sabit uzunluktaki kontrol alanı 260417s9999 xx 000 0 und d
020 ## - ULUSLARARASI STANDART KİTAP NUMARASI
Uluslararası Standart Kitap Numarası 9786258124170
245 #0 - ESER / YAZAR
ESER ADI Gençler! Merhamet Edin ki Merhamet Olunasınız!
Yazar Adı Mustafa Karaşahin
260 ## - YAYIN, DAĞITIM, VB.
YAYIN EVİ Beyan Yayınları
Mevcut
Düşüm durumu Kayıp durumu Hasar Durumu Ödünç verilmez Ana kütüphane Geçerli Kütüphane Edinilen tarih Toplam ödünç verme sayısı Barkod Son görüntüleme tarihi Fiyatın geçerli olmaya başladığı tarih Koha materyal türü
        TOKİ ARDIÇLI ORTAOKULU TOKİ ARDIÇLI ORTAOKULU 17.04.2026   1110367 17.04.2026 17.04.2026 Kitaplar
Gemini Bilgi Teknolojileri A.Ş. tarafından düzenlenmiştir.